[Event "3o Piacenza Chess Festival - Open B"]
[Site "Piacenza ITA"]
[Date "2025.10.24"]
[Round "2.12"]
[White "LOSI, Paolo"]
[Black "CALVIGIONI, Matteo"]
[Result "1/2-1/2"]
[WhiteElo "1703"]
[BlackElo "1805"]
[PlyCount "89"]
[EventDate "2025.10.24"]

1. d4 e5 2. dxe5 Nc6 3. Nf3 Qe7 4. Bd2 Nxe5 5. Nxe5 Qxe5 6. Bc3 Qe6 7. e3 Nf6
8. Bxf6 Qxf6 9. Qd4 Qxd4 10. exd4 d5 11. Bd3 Be6 12. O-O O-O-O 13. Nd2 Bd6 14.
Nf3 Rdg8 15. Ng5 h6 16. Nxe6 fxe6 17. Rae1 Re8 18. Re2 e5 19. dxe5 Rxe5 20.
Rfe1 Rhe8 21. g3 Rxe2 22. Rxe2 Rxe2 23. Bxe2 Be5 24. b3 c5 25. h4 Kc7 26. Kf1
Kd6 27. a4 a6 28. Bd3 Bc3 29. f4 Kc6 30. Ke2 b5 31. axb5+ axb5 32. h5 c4 33.
bxc4 bxc4 34. Bh7 Kc5 35. Bg8 d4 36. g4 Ba5 37. g5 Kb4 38. gxh6 gxh6 39. Bh7
Kc3 40. Kf3 d3 41. cxd3 cxd3 42. Bxd3 Kxd3 43. f5 Bc3 44. f6 Bxf6 45. Kg2
1/2-1/2

[Event "3o Piacenza Chess Festival - Open B"]
[Site "Piacenza ITA"]
[Date "2025.10.24"]
[Round "2.13"]
[White "PANNONE, Alessandro"]
[Black "CANOSSA, Elena"]
[Result "1/2-1/2"]
[WhiteElo "1680"]
[BlackElo "1760"]
[PlyCount "39"]
[EventDate "2025.10.24"]

1. d4 d5 2. c4 c6 3. Nc3 dxc4 4. e3 b5 5. a4 b4 6. Ne4 Bf5 7. Ng3 Bg6 8. Bxc4
e6 9. Nf3 Nd7 10. O-O Be7 11. Re1 h6 12. e4 Ngf6 13. h3 a5 14. Bf4 O-O 15. Qd2
Nb6 16. Bb3 c5 17. dxc5 Qxd2 18. Nxd2 Bxc5 19. Nf3 Nfd7 20. Ne5 1/2-1/2

[Event "3o Piacenza Chess Festival - Open B"]
[Site "Piacenza ITA"]
[Date "2025.10.24"]
[Round "2.14"]
[White "ARMANI, Dong Hao Paolo"]
[Black "TORRICELLI, Lorenzo"]
[Result "0-1"]
[WhiteElo "1699"]
[BlackElo "1652"]
[PlyCount "76"]
[EventDate "2025.10.24"]

1. d4 d5 2. c4 dxc4 3. Nc3 Nf6 4. e3 e6 5. Bxc4 c5 6. Nf3 a6 7. O-O b5 8. Bb3
Bb7 9. a4 c4 10. Bc2 b4 11. Nb1 b3 12. Bxb3 cxb3 13. Nbd2 Be7 14. Nxb3 O-O 15.
Re1 Nbd7 16. Qe2 Rc8 17. Bd2 Rc2 18. Qd1 Qc8 19. Bc3 Be4 20. Nbd2 Qc6 21. Ng5
Rxc3 22. bxc3 Bxg2 23. f3 Nd5 24. c4 Nxe3 25. Rxe3 Bxg5 26. Re4 Bh3 27. f4 Nf6
28. fxg5 Nxe4 29. Qf3 Bf5 30. Re1 Qxa4 31. Nxe4 Bxe4 32. Qxe4 Qxc4 33. h4 Rd8
34. Rd1 Qb3 35. Rd3 Qc2 36. h5 Rb8 37. Re3 Rb1+ 38. Re1 Qxe4 0-1

[Event "3o Piacenza Chess Festival - Open B"]
[Site "Piacenza ITA"]
[Date "2025.10.24"]
[Round "2.15"]
[White "KAMMANN, Thomas"]
[Black "DECARLI, Giuseppe"]
[Result "1-0"]
[WhiteElo "1802"]
[BlackElo "1748"]
[PlyCount "87"]
[EventDate "2025.10.24"]

1. e4 e6 2. Nf3 d6 3. d4 Be7 4. Be2 Nd7 5. O-O b6 6. c4 Bb7 7. Nc3 a6 8. a4 h5
9. Be3 g5 10. Ne1 h4 11. f4 gxf4 12. Bxf4 Bg5 13. Bh5 Nh6 14. Qd2 Bxf4 15. Qxf4
Qe7 16. Nd3 O-O-O 17. a5 Rdg8 18. Bf3 Qg5 19. axb6 Qxf4 20. Nxf4 cxb6 21. d5 e5
22. Nd3 f5 23. exf5 Nxf5 24. Ne4 Rh6 25. b4 Ne3 26. Rfc1 Kb8 27. h3 Rhg6 28.
Ra2 Nf5 29. Bg4 Ne3 30. Bxd7 b5 31. Be6 R8g7 32. Nxd6 Nxg2 33. Kh2 Ne3 34. Nxb7
Kxb7 35. Nc5+ Kc7 36. cxb5 Rg2+ 37. Rxg2 Rxg2+ 38. Kh1 axb5 39. Nd3+ Rc2 40.
Re1 Nc4 41. Nxe5 Nd2 42. Bg4 Kd6 43. Nf3 Kxd5 44. Rd1 1-0

[Event "3o Piacenza Chess Festival - Open B"]
[Site "Piacenza ITA"]
[Date "2025.10.24"]
[Round "2.17"]
[White "MANTOVANI, Enrico"]
[Black "VENDRAMINI, Ivano"]
[Result "1-0"]
[WhiteElo "1778"]
[BlackElo "1714"]
[PlyCount "109"]
[EventDate "2025.10.24"]

1. d4 Nf6 2. Nf3 e6 3. g3 d5 4. Bg2 c5 5. O-O cxd4 6. Nxd4 Nc6 7. c4 Be7 8.
cxd5 exd5 9. Nc3 O-O 10. Bg5 Be6 11. Qa4 Qb6 12. Nxe6 fxe6 13. Qb5 Qc7 14. e3
a6 15. Qe2 Rac8 16. Bh3 Qd6 17. Rad1 Rcd8 18. Bxf6 Bxf6 19. Ne4 Qe7 20. Nxf6+
Qxf6 21. f4 Qg6 22. Bg2 Qe8 23. a3 g6 24. b4 Na7 25. Qb2 Nb5 26. Bh3 Nd6 27.
Qe5 Kf7 28. Qd4 Qe7 29. Bg2 Rc8 30. Qd3 Rc4 31. Bxd5 exd5 32. Qxd5+ Qe6 33.
Qxd6 Qxe3+ 34. Rf2 Rc1 35. Qd5+ Kg7 36. Qxb7+ Rf7 37. Qd5 Rfc7 38. Rdf1 Rxf1+
39. Kxf1 Re7 40. Qf3 Qc1+ 41. Kg2 Kh6 42. Qd5 Re1 43. Qd2 Rg1+ 44. Kh3 Qc8+ 45.
Kh4 Qf5 46. Qe2 Ra1 47. g4 g5+ 48. fxg5+ Qxg5+ 49. Kg3 Rxa3+ 50. Rf3 Rxf3+ 51.
Qxf3 Qe5+ 52. Qf4+ Qxf4+ 53. Kxf4 Kg6 54. h4 h6 55. Ke5 1-0

[Event "3o Piacenza Chess Festival - Open B"]
[Site "Piacenza ITA"]
[Date "2025.10.24"]
[Round "2.19"]
[White "TAGLIAFERRI, Valerio"]
[Black "FERRARI, Giuseppe"]
[Result "1/2-1/2"]
[WhiteElo "1749"]
[BlackElo "1701"]
[PlyCount "141"]
[EventDate "2025.10.24"]

1. e4 e6 2. d3 d5 3. Nd2 dxe4 4. dxe4 Bb4 5. c3 Bc5 6. b4 Bb6 7. Ngf3 Nf6 8. h3
c5 9. Bb5+ Bd7 10. Qe2 Bxb5 11. Qxb5+ Qd7 12. Qxd7+ Nbxd7 13. Bb2 O-O 14. O-O
Bc7 15. Rfe1 b5 16. a3 c4 17. Rad1 Ne5 18. Nxe5 Bxe5 19. Nf3 Bc7 20. Bc1 Rad8
21. Nd4 Bb6 22. Nxb5 Rxd1 23. Rxd1 Nxe4 24. Be3 Bxe3 25. fxe3 a6 26. Nc7 Nxc3
27. Rd6 Nb5 28. Nxb5 axb5 29. Rc6 Ra8 30. a4 bxa4 31. Rxc4 a3 32. Rc1 a2 33.
Ra1 Kf8 34. Kf2 Ke7 35. Ke2 Rb8 36. Rxa2 Rxb4 37. Ra7+ Kf6 38. Ra5 g5 39. Kf3
h5 40. g4 h4 41. Ra6 Rb3 42. Ra5 Rd3 43. Ke2 Rd5 44. Ra7 e5 45. Ra6+ Ke7 46.
Kf3 Rd1 47. Ra7+ Ke6 48. Ra6+ Rd6 49. Ra5 f5 50. gxf5+ Kxf5 51. e4+ Kg6 52. Ra3
Rf6+ 53. Ke3 g4 54. hxg4 Kg5 55. Ra8 Kxg4 56. Rg8+ Kh3 57. Rg5 Re6 58. Kf3 Kh2
59. Rh5 h3 60. Kf2 Rf6+ 61. Rf5 Rg6 62. Rxe5 Rg2+ 63. Kf1 Rg4 64. Ra5 Rf4+ 65.
Ke2 Rxe4+ 66. Kf3 Re1 67. Kf2 Rg1 68. Ra3 Rg6 69. Rf3 Rg2+ 70. Kf1 Rg3 71. Rxg3
1/2-1/2

[Event "3o Piacenza Chess Festival - Open B"]
[Site "Piacenza ITA"]
[Date "2025.10.25"]
[Round "3.1"]
[White "AVETISYAN, Mark"]
[Black "DE MAUPEOU D`ABLEIGES, Alexandre"]
[Result "0-1"]
[WhiteElo "1800"]
[BlackElo "1911"]
[PlyCount "46"]
[EventDate "2025.10.24"]

1. d4 d5 2. Nf3 c6 3. e3 Nd7 4. Bd3 e5 5. dxe5 Qc7 6. Nbd2 Nxe5 7. Nxe5 Qxe5 8.
Nf3 Qh5 9. c3 Nf6 10. Be2 Bd6 11. Qc2 Bg4 12. b3 O-O 13. Bb2 Ne4 14. c4 Bb4+
15. Kf1 Qf5 16. Rc1 dxc4 17. bxc4 Rad8 18. a3 Rd2 19. Qb1 Bxf3 20. gxf3 Qh3+
21. Kg1 Rxe2 22. Qxe4 Be1 23. Qg4 Bxf2# 0-1

[Event "3o Piacenza Chess Festival - Open B"]
[Site "Piacenza ITA"]
[Date "2025.10.25"]
[Round "3.2"]
[White "ROMEO, Giovanni Maria"]
[Black "RIZZI, Giacomo"]
[Result "1/2-1/2"]
[WhiteElo "1801"]
[BlackElo "1673"]
[PlyCount "83"]
[EventDate "2025.10.24"]

1. e4 c5 2. Nf3 Nc6 3. d4 cxd4 4. Nxd4 Nf6 5. Nc3 e5 6. Ndb5 d6 7. Bg5 a6 8.
Bxf6 gxf6 9. Na3 b5 10. Nd5 Be6 11. c3 Bg7 12. Nc2 O-O 13. Nce3 Ne7 14. h4 Nxd5
15. Nxd5 f5 16. exf5 Bxf5 17. Qf3 Be6 18. Rd1 e4 19. Qg3 Kh8 20. Qe3 f5 21. h5
Bxd5 22. Rxd5 f4 23. Qd2 e3 24. fxe3 fxe3 25. Qd3 Qf6 26. h6 Qf2+ 27. Kd1 Be5
28. Qe2 Qf4 29. Rd3 b4 30. Qxe3 bxc3 31. Qxf4 Rxf4 32. bxc3 Rb8 33. Rf3 Rxf3
34. gxf3 Rb2 35. Rg1 Bf4 36. Rg4 Bxh6 37. Bxa6 Rxa2 38. Rg8+ Kxg8 39. Bc4+ Kg7
40. Bxa2 Bf4 41. Bd5 Kf6 42. Ke2 1/2-1/2

[Event "3o Piacenza Chess Festival - Open B"]
[Site "Piacenza ITA"]
[Date "2025.10.25"]
[Round "3.3"]
[White "GRASSO, Gaetano"]
[Black "AULEHLA, Jacopo"]
[Result "1-0"]
[WhiteElo "1989"]
[BlackElo "1815"]
[PlyCount "47"]
[EventDate "2025.10.24"]

1. e4 e6 2. h4 d5 3. h5 h6 4. d3 c5 5. Bf4 Qf6 6. Ne2 e5 7. Bg3 d4 8. Na3 Bd6
9. Qd2 Qe6 10. Nc4 Nc6 11. a4 b6 12. Bh4 Be7 13. Ng3 Bxh4 14. Rxh4 Nge7 15. Be2
Ba6 16. Na3 Bc8 17. Bf3 Bb7 18. Ke2 Rf8 19. Rg4 f5 20. exf5 Nxf5 21. Nb5 O-O-O
22. Nxf5 Qxf5 23. Rg6 Ne7 24. Bg4 1-0

[Event "3o Piacenza Chess Festival - Open B"]
[Site "Piacenza ITA"]
[Date "2025.10.25"]
[Round "3.4"]
[White "DILENA, Giuseppe"]
[Black "MRAD, Anahid"]
[Result "1-0"]
[WhiteElo "1906"]
[BlackElo "1812"]
[PlyCount "67"]
[EventDate "2025.10.24"]

1. e4 e5 2. Nc3 Nf6 3. Bc4 Nc6 4. d3 h6 5. f4 Bc5 6. Nf3 Ng4 7. Qe2 d6 8. f5
Nf6 9. Na4 Nd4 10. Nxd4 Bxd4 11. c3 Bd7 12. cxd4 Bxa4 13. Qf2 Qe7 14. O-O Bd7
15. Bd2 a5 16. a4 O-O 17. Qg3 Kh7 18. Qh4 Ng8 19. f6 Nxf6 20. Bxh6 Rh8 21.
Bxg7+ Kxg7 22. Qg5+ Kf8 23. Rxf6 Rh7 24. Raf1 Be8 25. Qg6 Rg7 26. Qh6 Kg8 27.
Rg6 Qf8 28. Rff6 exd4 29. Rxg7+ Qxg7 30. Rg6 Qxg6 31. Qxg6+ Kf8 32. Qf6 b6 33.
h4 Kg8 34. h5 1-0

[Event "3o Piacenza Chess Festival - Open B"]
[Site "Piacenza ITA"]
[Date "2025.10.25"]
[Round "3.6"]
[White "D'AGOSTINO, Maurizio"]
[Black "SERBAN, Sara Annamaria"]
[Result "1/2-1/2"]
[WhiteElo "1894"]
[BlackElo "1801"]
[PlyCount "91"]
[EventDate "2025.10.24"]

1. d4 d5 2. Nf3 Nf6 3. g3 Bf5 4. Bg2 Nbd7 5. Nbd2 h6 6. O-O e6 7. b3 Bd6 8. Bb2
O-O 9. c4 c6 10. c5 Bc7 11. b4 Qb8 12. Nb3 Re8 13. a4 e5 14. dxe5 Nxe5 15. Nbd4
Bd7 16. Nxe5 Bxe5 17. Qc2 Qc8 18. Rfe1 Bh3 19. Bh1 h5 20. Nf3 Bf5 21. Qc1 Bxb2
22. Qxb2 Be4 23. Bg2 Bxf3 24. Bxf3 h4 25. Qd4 hxg3 26. hxg3 Qf5 27. Kg2 Ne4 28.
Rh1 Qe5 29. Qd3 Re6 30. Rab1 Rae8 31. Rh5 Qf6 32. Rbh1 g6 33. R5h4 a6 34. Rh8+
Qxh8 35. Rxh8+ Kxh8 36. Qd4+ Kg8 37. b5 axb5 38. axb5 Ng5 39. bxc6 bxc6 40. Qa4
Nxf3 41. exf3 Rb8 42. Qa7 Rb5 43. Qa8+ Kg7 44. Qa1+ Kh7 45. Qa7 Kg7 46. Qa1+
1/2-1/2

[Event "3o Piacenza Chess Festival - Open B"]
[Site "Piacenza ITA"]
[Date "2025.10.25"]
[Round "3.7"]
[White "OTERI, Aldo"]
[Black "SACCHETTI, Andrea"]
[Result "0-1"]
[WhiteElo "1766"]
[BlackElo "1856"]
[PlyCount "90"]
[EventDate "2025.10.24"]

1. f4 d5 2. Nf3 Nf6 3. e3 c5 4. d3 Nc6 5. Be2 e6 6. O-O Be7 7. b3 O-O 8. Bb2 b6
9. Ne5 Qc7 10. Nd2 Bb7 11. Qe1 Rad8 12. Qg3 d4 13. Nxc6 Bxc6 14. e4 Rfe8 15. c4
dxc3 16. Bxc3 Bb5 17. Bxf6 Bxf6 18. e5 Be7 19. Ne4 Qd7 20. Rf3 Qd4+ 21. Kh1
Qxa1+ 22. Bf1 Bc6 23. f5 exf5 24. Rxf5 Bxe4 25. dxe4 Rd1 26. Qf2 Rxf1+ 27. Qxf1
Qxf1+ 28. Rxf1 Rd8 29. Kg1 Rd2 30. Rf2 Rxf2 31. Kxf2 Bd8 32. a4 Bc7 33. Ke3
Bxe5 34. h3 Kf8 35. Kd3 Ke7 36. Kc4 Kd6 37. Kb5 Kc7 38. a5 Bc3 39. axb6+ axb6
40. Kc4 Bd4 41. Kd5 Kd7 42. b4 h5 43. g4 h4 44. bxc5 bxc5 45. e5 g5 0-1

[Event "3o Piacenza Chess Festival - Open B"]
[Site "Piacenza ITA"]
[Date "2025.10.25"]
[Round "3.8"]
[White "PODDUBSKIY, Pavel"]
[Black "KOSAKOWSKI, Szymon"]
[Result "1/2-1/2"]
[WhiteElo "1837"]
[BlackElo "1761"]
[PlyCount "121"]
[EventDate "2025.10.24"]

1. e4 e6 2. d4 d5 3. Nd2 c5 4. Bb5+ Bd7 5. Bxd7+ Qxd7 6. Ngf3 Nc6 7. c3 cxd4 8.
cxd4 dxe4 9. Nxe4 Bb4+ 10. Bd2 Bxd2+ 11. Qxd2 Nge7 12. O-O O-O 13. Rad1 Rfd8
14. Rfe1 Nf5 15. Qg5 Qe7 16. Qxe7 Ncxe7 17. Nc3 h6 18. Re2 Rd7 19. Ne5 Rxd4 20.
Rxd4 Nxd4 21. Rd2 Nec6 22. Nxc6 Nxc6 23. Rd7 Rb8 24. h4 Kf8 25. Ne4 b6 26. Rc7
Nd4 27. Rxa7 f6 28. Rd7 e5 29. f4 Ne2+ 30. Kf2 Nxf4 31. Rd6 Ke7 32. g3 Ne6 33.
Rc6 Kd7 34. Rd6+ Ke7 35. Rc6 f5 36. Nc3 Kd7 37. Rc4 g5 38. hxg5 hxg5 39. Nd5
Kd6 40. Nc3 b5 41. Rb4 Nd4 42. a4 Kc5 43. Na2 Ra8 44. b3 Ra5 45. Rxb5+ Rxb5 46.
axb5 Kxb5 47. Nc3+ Kb4 48. Nd5+ Kxb3 49. Ke3 Kc4 50. Nf6 Nc2+ 51. Kd2 Nb4 52.
Ke2 Nd5 53. Nh7 g4 54. Ng5 f4 55. gxf4 exf4 56. Ne6 Kc3 57. Kf2 f3 58. Ng5 Kd3
59. Nxf3 Ke4 60. Nh2 Nf4 61. Nxg4 1/2-1/2

[Event "3o Piacenza Chess Festival - Open B"]
[Site "Piacenza ITA"]
[Date "2025.10.25"]
[Round "3.9"]
[White "CANOSSA, Elena"]
[Black "LEONI, Fabrizio"]
[Result "0-1"]
[WhiteElo "1760"]
[BlackElo "1833"]
[PlyCount "56"]
[EventDate "2025.10.24"]

1. e4 c6 2. d4 d5 3. Nc3 dxe4 4. Nxe4 Nd7 5. Nf3 Ngf6 6. Nc3 e6 7. Bd3 Qc7 8.
a3 b6 9. Qe2 Be7 10. Ne5 Bb7 11. f4 O-O 12. Rg1 c5 13. Be3 Nd5 14. Nxd5 Bxd5
15. Nxd7 Qxd7 16. dxc5 bxc5 17. O-O-O Qc7 18. c4 Bc6 19. Rd2 Rfd8 20. g3 Rab8
21. Rf1 g6 22. h4 Qb7 23. Rf2 Qb3 24. Rh2 Qa2 25. Bb1 Qb3 26. Bc2 Qxb2+ 27. Kd1
Qa1+ 28. Bb1 Qxb1# 0-1

[Event "3o Piacenza Chess Festival - Open B"]
[Site "Piacenza ITA"]
[Date "2025.10.25"]
[Round "3.10"]
[White "DI MAULO, Alessandra"]
[Black "DE SIMONE, Alessandro"]
[Result "0-1"]
[WhiteElo "1829"]
[BlackElo "1748"]
[PlyCount "52"]
[EventDate "2025.10.24"]

1. e4 e5 2. Nf3 Nc6 3. Bc4 Bc5 4. d3 d6 5. c3 Nf6 6. Nbd2 O-O 7. O-O a5 8. a4
Be6 9. Bb3 Qe8 10. h3 Ba7 11. Bc2 Ne7 12. Re1 Ng6 13. Nf1 Qc8 14. d4 Nh5 15.
Ng5 Nhf4 16. Bxf4 Nxf4 17. Nxe6 fxe6 18. Ne3 Qe8 19. dxe5 dxe5 20. Qg4 Rf6 21.
g3 Rg6 22. Qh4 Rh6 23. Qg4 Nxh3+ 24. Kf1 Qf7 25. Qe2 Nxf2 26. Qxf2 Rf6 0-1

[Event "3o Piacenza Chess Festival - Open B"]
[Site "Piacenza ITA"]
[Date "2025.10.25"]
[Round "3.11"]
[White "SARGSYAN, Mher"]
[Black "FERSINI, Maurizio"]
[Result "1-0"]
[WhiteElo "1813"]
[BlackElo "1733"]
[PlyCount "25"]
[EventDate "2025.10.24"]

1. d4 Nf6 2. Nf3 e6 3. e3 c5 4. Bd3 Nc6 5. c3 d5 6. Nbd2 Bd6 7. Qe2 O-O 8. O-O
Re8 9. e4 dxe4 10. Nxe4 cxd4 11. Nxf6+ Qxf6 12. Bg5 Bxh2+ 13. Kxh2 1-0

[Event "3o Piacenza Chess Festival - Open B"]
[Site "Piacenza ITA"]
[Date "2025.10.25"]
[Round "3.12"]
[White "CALVIGIONI, Matteo"]
[Black "DI IASIO, Alessandro"]
[Result "1-0"]
[WhiteElo "1805"]
[BlackElo "1672"]
[PlyCount "73"]
[EventDate "2025.10.24"]

1. e4 e5 2. Nf3 Nc6 3. Nc3 Nf6 4. a3 a5 5. d4 exd4 6. Nxd4 Bc5 7. Be3 Bxd4 8.
Bxd4 Qe7 9. Bxf6 Qxf6 10. Nd5 Qe5 11. Bd3 Kd8 12. O-O Ne7 13. Ne3 h5 14. c3 g5
15. Nc4 Qg7 16. Ne3 g4 17. Nf5 Nxf5 18. exf5 h4 19. Re1 g3 20. fxg3 hxg3 21. h3
Qf6 22. Qf3 Rb8 23. Qxg3 b6 24. Qe5 Qxe5 25. Rxe5 d6 26. Re2 Bb7 27. Rae1 Bc6
28. Be4 Bd7 29. f6 b5 30. Bd5 b4 31. axb4 axb4 32. Re7 bxc3 33. bxc3 Rb2 34.
Ra1 c6 35. Ra8+ Bc8 36. Bxc6 Rg8 37. Rd7+ 1-0

[Event "3o Piacenza Chess Festival - Open B"]
[Site "Piacenza ITA"]
[Date "2025.10.25"]
[Round "3.13"]
[White "LOSI, Paolo"]
[Black "KAMMANN, Thomas"]
[Result "1-0"]
[WhiteElo "1703"]
[BlackElo "1802"]
[PlyCount "65"]
[EventDate "2025.10.24"]

1. d4 d5 2. Bf4 Nc6 3. Nf3 Bf5 4. e3 a6 5. Bd3 Qd7 6. c3 Nf6 7. Bxf5 Qxf5 8.
Bxc7 e6 9. Nbd2 Be7 10. O-O O-O 11. h3 g5 12. Qb1 Ne4 13. Nxe4 Qxe4 14. Qxe4
dxe4 15. Nd2 f5 16. f3 Rac8 17. Bh2 exf3 18. Nxf3 Bf6 19. Rae1 h5 20. Kh1 Kh7
21. e4 f4 22. e5 Be7 23. Nd2 Kg6 24. g3 fxg3 25. Bxg3 Rf5 26. Kg2 Rcf8 27. Nc4
g4 28. hxg4 hxg4 29. Rxf5 exf5 30. d5 f4 31. Bxf4 Rxf4 32. dxc6 Rxc4 33. cxb7
1-0

[Event "3o Piacenza Chess Festival - Open B"]
[Site "Piacenza ITA"]
[Date "2025.10.25"]
[Round "3.14"]
[White "TORRICELLI, Lorenzo"]
[Black "MANTOVANI, Enrico"]
[Result "0-1"]
[WhiteElo "1652"]
[BlackElo "1778"]
[PlyCount "76"]
[EventDate "2025.10.24"]

1. d4 c5 2. d5 e6 3. c4 Nf6 4. Nc3 exd5 5. cxd5 a6 6. a4 d6 7. e4 g6 8. h3 Bg7
9. Nf3 O-O 10. Be2 Re8 11. Qc2 b6 12. O-O Nbd7 13. Nd2 Nh5 14. Bxh5 gxh5 15.
Nc4 Ne5 16. Nxe5 Bxe5 17. Qd2 Kh8 18. Qh6 f6 19. Qxh5 Rg8 20. Ne2 Bd7 21. f4
Qc8 22. Kh1 Bd4 23. Nxd4 cxd4 24. e5 Qc2 25. Qf3 fxe5 26. fxe5 Raf8 27. Rf2
Qxf2 28. Qxf2 Rxf2 29. e6 Be8 30. Kg1 Rgxg2+ 31. Kh1 Kg7 32. b4 Kf6 33. b5 a5
34. Ba3 Ke5 35. Rc1 d3 36. Rc8 d2 37. Bxd6+ Kxd6 38. Rd8+ Ke5 0-1

[Event "3o Piacenza Chess Festival - Open B"]
[Site "Piacenza ITA"]
[Date "2025.10.25"]
[Round "3.15"]
[White "FERRARI, Giuseppe"]
[Black "PANNONE, Alessandro"]
[Result "1-0"]
[WhiteElo "1701"]
[BlackElo "1680"]
[PlyCount "47"]
[EventDate "2025.10.24"]

1. e4 c5 2. Bc4 e6 3. Nc3 a6 4. a3 Nf6 5. d3 d5 6. exd5 exd5 7. Ba2 Be7 8. Bg5
Be6 9. Qd2 Nc6 10. h3 b5 11. Nf3 O-O 12. Ne2 Nd7 13. Bxe7 Qxe7 14. O-O Nf6 15.
Nf4 Qd7 16. Nxe6 fxe6 17. Rfe1 Qd6 18. Re2 Rae8 19. Rae1 Nd7 20. c3 Rf6 21. d4
cxd4 22. Nxd4 Nxd4 23. Qxd4 Ref8 24. Rxe6 1-0

[Event "3o Piacenza Chess Festival - Open B"]
[Site "Piacenza ITA"]
[Date "2025.10.25"]
[Round "3.16"]
[White "COMINELLI, Mario"]
[Black "TAGLIAFERRI, Valerio"]
[Result "0-1"]
[WhiteElo "1666"]
[BlackElo "1749"]
[PlyCount "32"]
[EventDate "2025.10.24"]

1. e4 c5 2. c3 e6 3. d4 d5 4. e5 Nc6 5. Nf3 Qb6 6. Bd3 Bd7 7. O-O cxd4 8. Re1
Nge7 9. h4 g6 10. Qe2 Bg7 11. Bg5 h6 12. Bxe7 Kxe7 13. Nh2 Nxe5 14. b3 Nxd3 15.
Qxd3 Rac8 16. Rc1 Rc7 0-1

[Event "3o Piacenza Chess Festival - Open B"]
[Site "Piacenza ITA"]
[Date "2025.10.25"]
[Round "4.1"]
[White "DE MAUPEOU D`ABLEIGES, Alexandre"]
[Black "DILENA, Giuseppe"]
[Result "1-0"]
[WhiteElo "1911"]
[BlackElo "1906"]
[PlyCount "93"]
[EventDate "2025.10.24"]

1. Nf3 Nf6 2. g3 e6 3. Bg2 d5 4. O-O Be7 5. d3 O-O 6. Nbd2 c5 7. e4 Nc6 8. Re1
Qc7 9. Nf1 Re8 10. c3 Rb8 11. e5 Nd7 12. h4 Ndxe5 13. Ng5 h6 14. Nh3 b6 15. f4
Nd7 16. a4 Bb7 17. f5 Bd6 18. fxe6 fxe6 19. Nf4 Be5 20. Nh5 Nf6 21. Nxf6+ Bxf6
22. Bf4 Be5 23. Rxe5 Nxe5 24. Qh5 Nf3+ 25. Bxf3 e5 26. Re1 Qf7 27. Qxf7+ Kxf7
28. Rxe5 Rxe5 29. Bxe5 Re8 30. d4 cxd4 31. Bxd4 Re1 32. c4 Ra1 33. cxd5 Ba6 34.
Bg2 Rxa4 35. Bc3 Ra1 36. Kf2 Bxf1 37. Bxf1 Rd1 38. Be2 Ra1 39. Bg4 Ra4 40. Be6+
Kf8 41. d6 Re4 42. d7 Ke7 43. Bh3 Rc4 44. Bxg7 Rc6 45. h5 Rd6 46. Bf5 Rd5 47.
g4 1-0

[Event "3o Piacenza Chess Festival - Open B"]
[Site "Piacenza ITA"]
[Date "2025.10.25"]
[Round "4.2"]
[White "RIZZI, Giacomo"]
[Black "GRASSO, Gaetano"]
[Result "0-1"]
[WhiteElo "1673"]
[BlackElo "1989"]
[PlyCount "86"]
[EventDate "2025.10.24"]

1. e4 c5 2. Nf3 Nc6 3. c3 Qa5 4. Bc4 e6 5. O-O b5 6. Bb3 Nf6 7. e5 c4 8. Bc2
Ng4 9. Qe2 Qc7 10. d4 cxd3 11. Bxd3 h5 12. Na3 a6 13. Bf4 Bb7 14. Nc2 d6 15.
exd6 Bxd6 16. Bxd6 Qxd6 17. Rad1 Qc7 18. Be4 Nce5 19. g3 Bxe4 20. Qxe4 Nxf3+
21. Qxf3 O-O 22. Nd4 Rac8 23. h3 Nf6 24. Ne2 Qc5 25. Nf4 Qf5 26. Qd3 Ne4 27.
Rde1 Nf6 28. Qxf5 exf5 29. Re5 g6 30. Rd1 Rfd8 31. Rxd8+ Rxd8 32. a4 bxa4 33.
Ra5 Rd1+ 34. Kg2 Rd2 35. Rxa6 Ne4 36. Rxa4 Rxf2+ 37. Kg1 Rxb2 38. Ra8+ Kg7 39.
c4 Rc2 40. Rc8 Nxg3 41. c5 g5 42. Nd5 f4 43. c6 f3 0-1

[Event "3o Piacenza Chess Festival - Open B"]
[Site "Piacenza ITA"]
[Date "2025.10.25"]
[Round "4.3"]
[White "D'ANGELO, Giovanni"]
[Black "ROMEO, Giovanni Maria"]
[Result "1-0"]
[WhiteElo "1885"]
[BlackElo "1801"]
[PlyCount "113"]
[EventDate "2025.10.24"]

1. Nf3 Nf6 2. c4 e6 3. g3 b6 4. Bg2 Bb7 5. O-O Be7 6. d3 d6 7. Nc3 Nbd7 8. b3
O-O 9. Bb2 c6 10. e4 Qc7 11. Re1 Rfd8 12. Rc1 e5 13. d4 a6 14. Ba3 c5 15. Nd5
Bxd5 16. cxd5 Qa7 17. dxe5 Nxe5 18. Nh4 b5 19. Bb2 a5 20. f4 Ned7 21. Nf5 Bf8
22. e5 dxe5 23. fxe5 Ne8 24. Qg4 Nb6 25. Nh6+ Kh8 26. e6 Rxd5 27. Nxf7+ Kg8 28.
Nh6+ Kh8 29. Bxd5 Nxd5 30. Nf5 Nef6 31. Qf3 Re8 32. Bxf6 Nxf6 33. e7 Bxe7 34.
Nxe7 Rxe7 35. Rxe7 Qxe7 36. Qa8+ Ng8 37. Rf1 h6 38. Qf8 Qe3+ 39. Qf2 Qe5 40.
Rc1 c4 41. bxc4 bxc4 42. Rxc4 Nf6 43. Rc8+ Ng8 44. Qf7 Qe1+ 45. Kg2 Qe4+ 46.
Kh3 Qh7 47. a4 h5 48. Rxg8+ Qxg8 49. Qxh5+ Qh7 50. Qxh7+ Kxh7 51. Kg4 Kg6 52.
h4 Kh6 53. Kf5 Kh5 54. Kf4 g6 55. Kf3 g5 56. hxg5 Kxg5 57. Ke4 1-0

[Event "3o Piacenza Chess Festival - Open B"]
[Site "Piacenza ITA"]
[Date "2025.10.25"]
[Round "4.4"]
[White "MANTOVANI, Enrico"]
[Black "MERUSI, Luigi"]
[Result "0-1"]
[WhiteElo "1778"]
[BlackElo "1856"]
[PlyCount "82"]
[EventDate "2025.10.24"]

1. g3 c5 2. c4 Nc6 3. Bg2 Nf6 4. Nc3 g6 5. e3 Bg7 6. Nge2 Ne5 7. d3 O-O 8. O-O
a6 9. f4 Nc6 10. d4 cxd4 11. exd4 Rb8 12. Kh1 d5 13. cxd5 Na5 14. Qa4 b5 15.
Qb4 Bb7 16. d6 Bxg2+ 17. Kxg2 exd6 18. d5 Re8 19. f5 Nc4 20. fxg6 hxg6 21. Nf4
Ng4 22. Kh3 Qd7 23. Kg2 Nge3+ 24. Bxe3 Nxe3+ 25. Kh1 Nc2 26. Qa5 Nxa1 27. Rxa1
Qa7 28. Qb4 Bxc3 29. Qxc3 Rbc8 30. Qf3 Qe3 31. Qg4 Rc1+ 32. Rxc1 Qxc1+ 33. Kg2
Qxb2+ 34. Kh3 Qg7 35. Qd7 Qe5 36. Qc6 Kg7 37. Qxa6 Rh8+ 38. Kg2 Qb2+ 39. Kf3
Rxh2 40. Qxd6 Qf2+ 41. Ke4 f5+ 0-1

[Event "3o Piacenza Chess Festival - Open B"]
[Site "Piacenza ITA"]
[Date "2025.10.25"]
[Round "4.5"]
[White "SACCHETTI, Andrea"]
[Black "LOSI, Paolo"]
[Result "0-1"]
[WhiteElo "1856"]
[BlackElo "1703"]
[PlyCount "94"]
[EventDate "2025.10.24"]

1. d4 d5 2. c4 c6 3. cxd5 cxd5 4. Nc3 e6 5. Nf3 Bd6 6. e3 Bd7 7. Bd3 Nc6 8. O-O
Nf6 9. Bd2 O-O 10. Rc1 Rc8 11. Re1 Re8 12. a3 a6 13. b4 b5 14. e4 dxe4 15. Nxe4
Nxe4 16. Bxe4 Ne7 17. Rxc8 Qxc8 18. Qb1 g6 19. Ne5 f5 20. Rc1 Qd8 21. Bf3 Bxe5
22. dxe5 Qb8 23. Rc5 Rc8 24. Qc1 Nd5 25. Rxc8+ Qxc8 26. Kf1 Qxc1+ 27. Bxc1 Kf7
28. Ke2 Bc6 29. Bg5 Ne7 30. Bxe7 Bxf3+ 31. Kxf3 Kxe7 32. Ke3 Kd7 33. Kf4 h6 34.
Ke3 Kc6 35. Kd4 g5 36. h3 h5 37. g3 g4 38. h4 Kd7 39. Ke3 Kc6 40. Kf4 Kd5 41.
Kg5 Kxe5 42. Kxh5 Kf6 43. Kh6 e5 44. Kh5 e4 45. Kh6 f4 46. gxf4 e3 47. fxe3 g3
0-1

[Event "3o Piacenza Chess Festival - Open B"]
[Site "Piacenza ITA"]
[Date "2025.10.25"]
[Round "4.6"]
[White "LEONI, Fabrizio"]
[Black "AVETISYAN, Mark"]
[Result "0-1"]
[WhiteElo "1833"]
[BlackElo "1800"]
[PlyCount "122"]
[EventDate "2025.10.24"]

1. d4 d5 2. Nf3 Nf6 3. Bg5 e6 4. e3 c6 5. Nbd2 Nbd7 6. c4 Bd6 7. cxd5 exd5 8.
Bd3 O-O 9. Qc2 h6 10. h4 Re8 11. Bxf6 Nxf6 12. Bf5 Bxf5 13. Qxf5 Qd7 14. Qxd7
Nxd7 15. O-O Nf6 16. g3 Ne4 17. Kg2 f5 18. Rac1 Re7 19. a3 Rf8 20. Rfd1 Ref7
21. Rc2 Rf6 22. Nb3 g5 23. Nc1 g4 24. Ne1 h5 25. Ned3 Re8 26. Ne2 Kh7 27. Nef4
Bxf4 28. exf4 Rfe6 29. Ne5 R8e7 30. a4 a6 31. b4 Nd6 32. Rdc1 Kh6 33. Ra1 Kh7
34. Raa2 Kh6 35. Kf1 Kh7 36. Ke2 Kh6 37. Kd3 Kh7 38. Ra1 Kh6 39. Re1 Kh7 40.
Rce2 Ne4 41. Kc2 Nd6 42. Kb3 Kg7 43. Re3 Ne4 44. R1e2 Kh7 45. b5 axb5 46. axb5
cxb5 47. Kb4 Ra6 48. Kxb5 Ree6 49. Nd7 Red6 50. Rxe4 dxe4 51. Nc5 Ra1 52. Rd2
Rb1+ 53. Kc4 b5+ 54. Kc3 Rc1+ 55. Kb4 Rc4+ 56. Kxb5 Rcxd4 57. Ra2 Rd2 58. Ra7+
Kg6 59. Re7 Rxf2 60. Re5 Rf3 61. Nb7 Rf6 0-1